[Event "Santiago Entel Cup 2nd"]
[Site "Santiago de Chile"]
[Date "2005.03.19"]
[Round "9"]
[White "Vasquez Schroder, Rodrigo Rafael"]
[Black "Lopez Silva, Hugo Andres"]
[Result "1-0"]
[WhiteElo "2561"]
[BlackElo "2386"]
[Annotator "Mikhalevski,V"]
[PlyCount "73"]
[EventDate "2005.03.15"]
[EventType "tourn"]
[EventRounds "13"]
[EventCountry "CHI"]
[EventCategory "9"]
[SourceTitle "CBM 106"]
[Source "ChessBase"]
[SourceDate "2005.06.06"]
[SourceVersion "1"]
[SourceVersionDate "2005.06.06"]
[SourceQuality "1"]

1. Nf3 Nf6 2. c4 c5 3. Nc3 Nc6 4. d4 cxd4 5. Nxd4 g6 6. e4 d6 7. Be2 Bg7 8. Be3
O-O 9. O-O Nxd4 (9... Bd7 {is the most popular continuation.}) 10. Bxd4 Nd7 $6
{This rare line can hardly be recommended. Despite the pawn structure shows
that exchange of the dark-squared bishops is in Black's favour, there is a
more important aspect, the black king. After this exchange the king loses his
main defender and White launches a direct attack.} (10... Be6 {is the main
line. See Rahman,Z-Galego,L, Calvia ol(Men)2004/CBM104[Mikhalevski,V]}) ({while
} 10... Bd7 {may transpose to another main line after} 11. Qd2 Bc6 12. f3) 11.
Bxg7 Kxg7 12. Qd4+ Kg8 {Taking control over the dark-squares with 12...f6
should be preferred.} ({A classical game in this line was won by nobody else
but World Champion Tigran Petrosian.} 12... f6 13. Rad1 ({Coming with another
rook to d1 looks less logical since the rook can be useful on the kingside,
which however didn't prevent form Nichael to obtain a clear advantage.} 13.
Rfd1 a5 14. b3 Nc5 15. Rab1 Be6 16. Qe3 Bf7 17. a3 Nd7 18. b4 axb4 19. axb4 b6
20. Nd5 $16 {1-0 Adams,M-Young,A/Newark 1995/CBM 047 ext (38)}) 13... Qa5 14.
Nd5 Rf7 15. b4 Qd8 16. f4 a5 17. c5 e6 18. Nb6 Nxb6 19. cxb6 axb4 20. Qxb4 Rxa2
21. Bc4 Rc2 22. Qb3 (22. Kh1 $5 {[%cal Gb4b3]}) 22... Rxc4 23. Qxc4 Qxb6+ 24.
Qd4 Qxd4+ (24... Qc5 $5 25. Kh1 Qxd4) 25. Rxd4 d5 26. exd5 exd5 27. Rxd5 $16 {
1-0 Petrosian,T-Tatai,S/Venice 1967/EXT 99 (42). (41) and White succeeded to
convert his material advantage into a win.}) 13. Rad1 {[%cal Gg1h1,Gf2f4,Ge4e5]
The most logical continuation. White has been preparing attack in the centre
and on the kingside.} ({In the only preceding ngame White played} 13. Nd5 Nb6
14. Ne3 Qc7 15. b4 a5 16. a3 (16. c5 $5 dxc5 17. bxc5 Nd7 18. Rac1 $16) 16...
axb4 17. axb4 Rxa1 18. Rxa1 Be6 19. f4 f6 20. h4 $14 {1/2-1/2 Pogorelov,
R-Rivera Kuzawka,D/Navalmoral 2000/EXT 2002 (36). (36)}) 13... Re8 14. Kh1 {
[%cal Gf2f4] The king leaves the a7-g1 diagonal to avoid exchange of queens,
which would be possible after immediate f4.} Qb6 15. Qd2 $1 {White need the
queen for attack.} Nf6 16. f4 {[%cal Ge4e5] Everything is ready for e5. So} Qc5
17. b3 $1 {A strong waiting move. White not only strengthen shis pawn
structure on the queenside, but also keeps in mind the following idea.} ({
Immediate} 17. b4 {would have been less convincing.} Qxb4 18. e5 Ng4 19. Nb5 $5
Qc5 20. exd6 exd6 21. Nxd6 Re7 $11) 17... Bd7 18. b4 $1 {Now this idea is much
stronger than a move before since the d7-bishop is hanging in some lines.} Qxb4
19. e5 {The point of the previous move.} Ng4 ({Certainly not} 19... dxe5 $2 20.
fxe5 $18 {[%csl Rd7,Rf6]}) 20. h3 $6 {I believe this move is an inaccuracy.
White would have to commit for further weakening of his position in case of
correct defense.} ({Immediate} 20. Nd5 $1 {was worth a try.} Qc5 $1 (20... Qxd2
$2 21. Rxd2 Rac8 $140 22. exd6 exd6 23. Bxg4 Bxg4 24. Nf6+ $18 {[%csl Re8,Rg4,
Rg8]}) 21. exd6 $1 (21. Bf3 $5 dxe5 22. Qe2) 21... Nf2+ (21... Qxd6 22. Nc7 $1
{This is the difference between immediate 20.Nd5 and 21. Nd5 in the game: the
knight on g4 is hanging.} Qxc7 23. Qxd7 Qxd7 24. Rxd7 Ne3 25. Rf3 $14 {[%csl
Rb7,Re3]}) 22. Rxf2 Qxf2 23. Nxe7+ $1 (23. dxe7 $2 Bc6 $1 24. Rf1 Qh4 25. Nc7
Qxe7 26. Nxe8 Rxe8 $15) (23. Rf1 Qh4 24. Nxe7+ Rxe7 (24... Kg7 25. Qb2+ Qf6 26.
Qxf6+ Kxf6 27. Bf3 Rab8 28. c5 $14) 25. dxe7 Qxe7 26. Bf3 $11) 23... Kg7 24.
Rf1 Qc5 25. f5 $1 {with a strong initiative.}) 20... Nh6 21. Nd5 $1 Qxd2 $2 {
Black underestimates the danger.} (21... Qc5 {was necessary.} 22. g4 $5 {
Probably White would need this drastic idea to fight for initiative.} (22. exd6
{is not sufficient in view of the simple} Qxd6 23. Bf3 Ba4 $1 24. Rde1 Nf5 $15)
22... dxe5 23. fxe5 Kg7) 22. Rxd2 $16 {[%csl Ra8,Re8,Rg8][%cal Gd5c7,Ge5d6,
Gd5f6] Now the threats Nc7 and exd6 are very unpleasant.} Rab8 $6 ({
Sacrificing an exchange by means of} 22... Nf5 $1 {would be a much better
practical chance.} 23. Kh2 Bc6 24. Nc7 Ne3 25. Rf2 dxe5 26. Nxa8 (26. fxe5 $2
Red8 $1 {[%csl Rd2]}) 26... Rxa8 27. fxe5 $16) 23. exd6 {[%csl Rf6]} Nf5 ({
Now giving up an exchange is worse than ina previous case, but still possible.
} 23... exd6 24. Nf6+ Kg7 25. Nxe8+ Rxe8 26. Bf3 Nf5 27. Rb1 $1) 24. dxe7 Kg7
25. Re1 $1 {A clever move.} Bc6 (25... Nxe7 $2 {loses to} 26. Nc7 $1 {[%csl
Rd7,Re8]} Red8 $140 $2 27. Red1 $18 {[%csl Rd7]}) 26. Bf3 (26. Bg4 Bxd5 27.
Bxf5 Bxc4 (27... Be6 28. Bxe6 Rxe7 29. Rd7 Rbe8 30. Rb1 $1 Rxe6 31. Rbxb7 Rf6
32. Rd4 $16)) 26... Bxd5 27. Rxd5 Rxe7 28. Rxe7 Nxe7 29. Rd7 Kf6 (29... Nc6 $5
$16) 30. c5 Ke6 $2 {Now the king finds itself in the mating net.} (30... Nc6 $5
$16) 31. Rd6+ $1 Kf5 32. g3 $18 h5 33. Rd7 Ke6 34. Rd6+ Kf5 35. Kg2 {[%csl Rf5]
[%cal Gg2f2,Gf2e3] White threatens Kf2-e3 followed by g4.} Rc8 $2 {Loses on
the spot. However better defenses could only delay the inevitable.} 36. Be2 $1
{[%csl Rf5][%cal Re2d3]} Ke4 37. Kf2 $1 {[%csl Ge3][%cal Re2d3] In order to
prevent mate Black has to give up the knight and so he resigned.} (37. Kf2 $1
Nd5 38. Bf3+ $18) 1-0

[Event "USA-ch"]
[Site "San Diego"]
[Date "2004.12.04"]
[Round "9"]
[White "Lein, Anatoly"]
[Black "Shahade, Jennifer"]
[Result "1-0"]
[WhiteElo "2387"]
[BlackElo "2361"]
[Annotator "Mikhalevski,V"]
[PlyCount "73"]
[EventDate "2004.11.24"]
[EventType "swiss"]
[EventRounds "9"]
[EventCountry "USA"]
[SourceTitle "CBM 105"]
[Source "ChessBase"]
[SourceDate "2005.04.11"]
[SourceVersion "1"]
[SourceVersionDate "2005.04.11"]
[SourceQuality "1"]

1. Nf3 Nf6 2. c4 g6 3. Nc3 Bg7 4. e4 c5 5. d4 cxd4 6. Nxd4 d6 7. Be2 Nc6 8. Be3
Nxd4 9. Bxd4 O-O 10. Qd2 Bd7 11. O-O Bc6 12. f3 Nd7 13. Be3 a5 14. Rab1 {
[%cal Gb2b3,Ga2a3,Gb3b4] White has been preparing b4 allowing a4.} (14. b3 {
would transpose into the main line. See the game Hotzke,F-Vuckovic,A,
Bundesliga04/05/ CBM105[Mikhalevski,V]}) 14... a4 {[%cal Gd8a5] Black's trying
to exploit White's moves order by forcing him to open the a-file.} (14... Nc5
15. b3 {again transposes into early b3.}) 15. b4 {[%cal Gb4b5]} axb3 16. axb3 {
[%cal Gb3b4]} Ra3 {[%csl Rc3] Now Black is preventing b4.} 17. Rfc1 Nc5 18. Bd1
$1 {[%cal Gb3b4] White is winning the fight for advance of the b-pawn and so
Black is trying to compensate this failure by counterplay in the centre.} ({
Immediate} 18. b4 {is worse as it allows} Nb3 {Now after} 19. Qb2 {Black can
choose between keeping the tension with} Qa8 ({and simplifying the position by
means of} 19... Nxc1 20. Qxa3 Nxe2+ 21. Nxe2 Qc7 {[%cal Gc6d7,Gd7e6]}) 20. Rd1
f5 {with an approximately equal position in both cases.}) 18... f5 {This
typical counterblow had only one predecessor in this concrete position.} ({
Earlier Black tested a few alternatives.} 18... b6 19. Kh1 ({There was also
nothing wrong with the immediate} 19. b4) 19... Qa8 20. b4 Nd7 21. Nd5 Bxd5 22.
exd5 (22. cxd5 $5) 22... Ra2 23. Rc2 Rxc2 24. Bxc2 Qa2 $132 {0-1 Grabics,
M-Wirthensohn,H/Portoroz 1998/EXT 99 (60)}) (18... Qa8 19. b4 Ne6 20. Bb3 Rc8
21. Nd5 Bxd5 22. exd5 Nf8 23. c5 $1 {The reason for 18...b6 in the game above.}
dxc5 24. bxc5 Nd7 25. c6 $1 $16 {1-0 Borges Mateos,J-Galego,L/Havana 2003/CBM
094 ext (34)}) (18... Re8 19. b4 Na4 $6 20. Bxa4 Bxa4 21. b5 {[%csl Ra4]} (21.
Bd4 $1 $14) 21... Bb3 (21... Qa5 $5 {[%csl Rc3]} 22. Bd4 Bxd4+ 23. Qxd4 e5 $1
$132) 22. Bd4 (22. Nd5 $1) 22... e5 23. Nd5 exd4 24. Qb4 Qa5 25. Qxa5 Rxa5 26.
Rxb3 $11 {1/2-1/2 Arbakov,V-Zavgorodniy,S/Alushta 2002/CBM 092 (43)}) 19. b4 {
Finally time to drive the knight out of c5 has come.} Ne6 20. exf5 gxf5 21. Rb3
$5 {Takes away pressure from the third rank.} ({Earlier White played only} 21.
Bb3 $5 {and was also better after} Kh8 22. Nd5 Qe8 23. Re1 Qf7 24. Bf2 Rg8 25.
b5 Bd7 26. Qc1 $16 {1/2-1/2 Tringov,G-Drozdov,I/Arandjelovac 1993/CBM 038 ext 
(53). (53)}) 21... Rxb3 $6 {This only helps White.} ({Black had to disturb
White's plan with} 21... Ra8 {and the rook on b3 takes bishop's square.}) 22.
Bxb3 $14 {[%csl Re6,Rg8][%cal Gc4c5] White obtained a positional advantage.
His pawn structure is better and he also creates a concrete threat along the
a2-g8 diagonal.} f4 $1 {Black secures the e5-square for the bishop in order to
close the e-file for white pieces.} 23. Bf2 Kh8 {The king has nothing to do on
the dangerous diagonal and so it comes to a safe place in the corner.} 24. Nd5
$2 {This natural move seems to be a serious inaccuracy. White had to keep the
a2-g8-diagonal open.} ({Also immediate} 24. Re1 $5 {deserved attention.} Be5)
24... Be5 $1 {Closing the e-file and opening the g-file for the rook.} 25. Re1
$1 Rg8 26. c5 {With the knight on c3 this advance would be more effective.} (
26. b5 Bd7 27. Bc2 Qf8 28. Kh1 Qg7 29. Bg1) 26... Ng5 $6 {[%csl Rg1][%cal
Gg5f3] Black misses his chance to create counterplay.} ({After correct} 26...
Qf8 $1 {[%cal Gf8g7]} 27. Kh1 Qg7 28. Bg1 (28. Rg1 dxc5 {[%cal Gg8d8]}) 28...
Ng5 $1 $132 {[%csl Rh1][%cal Ge7e6,Gg5f3]} 29. cxd6 $140 $2 (29. Qe2 $142)
29... Nxf3 $3 30. gxf3 Bc3 $1 {[%csl Rh1]}) 27. Kh1 e6 $2 {Miscalculation
prepared one move earlier. Now Black loses by force.} ({After} 27... Rg7 $142 {
White would have to find} 28. cxd6 exd6 29. Bd4 Nf7 30. Nxf4 Qg5 31. Ra1 $3 $16
{[%cal Ga1a8] keeping an extra pawn.}) 28. cxd6 $1 $18 {[%csl Re5] Black's
dark-squared bishop loses support and the position collapses.} Nxf3 {This
desperate piece sacrifice almost had worked.} (28... Bxd6 $2 {The bishop can't
leave the long diagonal in view of simple} 29. Bd4+ {[%csl Rh8]} e5 30. Rxe5 $1
Bxe5 31. Bxe5+ Rg7 32. Qc3 $18) (28... Bg7 $1 {was a tougher defense however
after correct} 29. Nxf4 Nxf3 30. Qe3 $1 {the rook on e1 is untouchable and
tactics works for White.} Nxe1 $2 (30... e5 $142 31. gxf3 exf4 32. Qd3 Re8 33.
Bc2 $1 Rxe1+ 34. Bxe1 $18) 31. Ng6+ $1 {[%csl Rh8] Suddenly black king finds
itself in the mating net.} hxg6 32. Qh3+) 29. Qe2 $2 {White succumbs to
Black's idea.} ({There was nothing wrong with} 29. gxf3 Qg5 (29... Qxd6 30.
Rxe5 $1 Qxe5 31. Bd4 $18 {[%csl Re5,Rh8]}) 30. Rg1 Qh5 31. Rxg8+ Kxg8 32. Qd3
$1 $18) 29... exd5 30. gxf3 Bf6 $6 (30... Bc3 $1 {hardly saves, but White
would have to show his best tactical skills.} 31. b5 $1 Re8 32. bxc6 $3 Rxe2
33. c7 $1 Rxe1+ 34. Bxe1 Qc8 35. Bxc3+ Kg8 36. Bxd5+ Kf8 37. Be5 $18 {and soon
Black find himself in zugzwang.}) 31. b5 Re8 32. Qd3 Rxe1+ 33. Bxe1 Qe8 $2 {
After this move White wins easy.} ({Black would have more practical chances
with} 33... Bd7 34. Bxd5 {[%csl Gd6]} Qb6 35. Bc4 Qd4 {and White still has to
show some technique to win the game.} (35... Qe3 $5)) 34. Bc3 $18 d4 ({or} 
34... Bxc3 35. Qxc3+ Kg8 36. bxc6 $18) 35. bxc6 $1 dxc3 36. Bc2 {[%csl Rh7]}
Qe1+ 37. Kg2 {[%csl Rh7][%cal Gc6c7]} 1-0

[Event "Nancy"]
[Site "Nancy"]
[Date "2005.02.15"]
[Round "3"]
[White "Marzolo, Cyril"]
[Black "Istratescu, Andrei"]
[Result "0-1"]
[WhiteElo "2428"]
[BlackElo "2617"]
[Annotator "Mikhalevski,V"]
[PlyCount "62"]
[EventDate "2005.02.14"]
[EventType "tourn"]
[EventRounds "9"]
[EventCountry "FRA"]
[EventCategory "10"]
[SourceTitle "CBM 106"]
[Source "ChessBase"]
[SourceDate "2005.06.06"]
[SourceVersion "1"]
[SourceVersionDate "2005.06.06"]
[SourceQuality "1"]

1. d4 g6 2. c4 Bg7 3. e4 d6 4. Nc3 Nf6 5. Nf3 O-O 6. Be2 c5 7. O-O cxd4 8. Nxd4
Nc6 9. Be3 Bd7 10. Qd2 Nxd4 11. Bxd4 Bc6 12. f3 a5 13. b3 Nd7 14. Be3 Nc5 15.
Rab1 Qb6 16. a3 $2 {White blunders a pawn in a well-known theoretical position.
It's clear that 17th move of Black was completely overlooked.} (16. Rfc1 {
is the main line. See Holzke,Vuckovic,A, Bundesliga04/05/CBM 105[Mikhalevski,V]
}) 16... Nxb3 $17 17. Qd3 {Now Black keeps an extra pawn thanks to the
following exchange combination.} Qxe3+ $1 ({Probably White checked only} 17...
Nc5 $2 18. Rxb6 Nxd3 19. Nd5 $1 (19. Bxd3 $2 Bxc3) 19... Bxd5 20. cxd5 $14 {
[%csl Rb7,Rd3] with better play for White.}) 18. Qxe3 Bd4 {[%csl Re3,Rg1]} 19.
Qxd4 ({The following game shows that Marzolo is not the first to miss 17...
Qxe3!} 19. Kf2 {leads to a slightly better version of the text.} Bxe3+ 20. Kxe3
Nc5 21. f4 ({White could try to disturb Black with} 21. Nd5 {but the latter
seems to be able to consolidate his position with} Rae8 22. Nc7 Rc8 23. Nd5
Rfe8 24. Nb6 Rcd8 $17) 21... Kg7 22. Bf3 Rac8 23. Rfd1 f5 $1 24. exf5 Bxf3 25.
Kxf3 Rxf5 $17 {0-1 Vadasz,L-Fogarasi,T/Budapest 1993/CBM 037 ext (38). (38)
and soon Black converted his extra pawn into a win.}) 19... Nxd4 20. Kf2 {
Now a technical part of the game begins. Istratescu wins without giving any
chances.} Ne6 {c5 is a nice outpost for the black knight.} ({Black could also
start with} 20... f5) 21. Ke3 ({White could make Black's task more difficult
with} 21. Nd5 Rae8 22. Rfd1 $17) 21... f5 $1 22. exf5 Rxf5 (22... gxf5 $6 23.
f4 Nc5 24. Bf3 {allows some counterplay along the d and e-files.}) 23. f4 $2 {
White gives up another pawn without any reason. It's clear that White was
killed already by the first blow.} (23. Bd3 Rh5 $1 24. h3 Rf8 $1 $17 {[%cal
Ge6f4,Gh5e5]}) 23... Bxg2 24. Bg4 $6 ({With} 24. Rf2 Bc6 25. Bg4 Rf6 26. Nd5
Bxd5 27. cxd5 Nc5 28. h4 $19 {White could put more resistance though his
position anyway lost.}) 24... Bxf1 25. Rxf1 Rc8 {[%csl Rc4] The simplest.} ({
Probably White was hoping for} 25... Rf6 26. Nd5 {with some chances for
counterplay.}) 26. Nd5 Kf7 27. Bxf5 gxf5 $19 {White is two pawns down without
any compensation. A sad picture after the opening. The rest is easy.} 28. Rb1
Rxc4 29. Rxb7 Re4+ 30. Kf3 Nd4+ 31. Kf2 Nc2 0-1

[Event "Litomerice 1st"]
[Site "Litomerice"]
[Date "1986.08.31"]
[Round "7"]
[White "Moehring, Guenther"]
[Black "Marszalek, Rafal"]
[Result "1-0"]
[WhiteElo "2310"]
[BlackElo "2345"]
[Annotator "Moehring,G"]
[PlyCount "82"]
[EventDate "1986.08.26"]
[EventType "tourn"]
[EventRounds "11"]
[EventCountry "CSR"]
[EventCategory "3"]
[SourceTitle "EXT 2010"]
[Source "ChessBase"]
[SourceDate "2010.11.25"]
[SourceVersion "1"]
[SourceVersionDate "2010.11.25"]
[SourceQuality "1"]

1. Nf3 c5 2. c4 g6 3. e4 Nc6 4. d4 cxd4 5. Nxd4 Nf6 6. Nc3 Bg7 7. Be3 O-O 8.
Be2 b6 9. O-O Bb7 10. f3 e6 11. c5 (11. Rc1 d5 (11... Nxd4 12. Bxd4 d5 13. cxd5
exd5 14. e5 Nd7 15. f4 Nc5 $2 (15... Re8 16. Bf3 f6 17. Nxd5 (17. Bxd5+ Bxd5
18. Nxd5 fxe5 19. fxe5 Nxe5 20. Nc7 Rc8 $5 21. Nxe8 Rxc1 22. Qxc1 Qxd4+ 23. Kh1
Ng4 $13) 17... fxe5 18. fxe5 Nxe5 $13) 16. Bxc5 bxc5 17. Bf3 $16) 12. Nxc6 Bxc6
13. cxd5 exd5 14. e5 Nd7 15. f4 Nc5 16. Bxc5 bxc5 17. Bf3 $16) 11... Nxd4 12.
Bxd4 Nh5 13. cxb6 Bxd4+ 14. Qxd4 Qxb6 15. Qxb6 axb6 16. Rfd1 Bc6 17. a3 (17. a4
$1) 17... f5 18. Bb5 Bxb5 19. Nxb5 fxe4 20. fxe4 Rf4 21. Nc3 Raf8 22. Rf1 Rc8
23. Rad1 Rxf1+ 24. Kxf1 Nf6 25. Rd4 Kf7 26. e5 Nd5 27. Nxd5 exd5 28. Rxd5 Ke6
29. Rd6+ Kxe5 30. Rxd7 h5 31. Ke2 Rc2+ 32. Rd2 Rc6 33. Kd3 Rc1 34. Rc2 Rd1+ 35.
Kc4 Rd5 36. a4 Kd6 37. b4 Kc6 38. Rf2 Rg5 39. h3 h4 40. Re2 Rg3 41. Re6+ Kb7 {
Abgabezug  2:31-2:45} (41... Kb7 42. Re7+ Kc6 (42... Kc8 43. Kb5 $18) 43. b5+
Kd6 44. Rb7 Rxg2 45. Rxb6+ Kc7 (45... Ke5 46. a5 $18) 46. Rc6+ Kd7 47. a5 $18)
1-0

[Event "Budapest FS04 GM-A"]
[Site "Budapest"]
[Date "2002.04.10"]
[Round "9"]
[White "Bokros, Albert"]
[Black "Rajlich, Vasik G"]
[Result "1-0"]
[WhiteElo "2435"]
[BlackElo "2377"]
[Annotator "Mueller,Karsten"]
[PlyCount "107"]
[EventDate "2002.04.02"]
[EventType "tourn"]
[EventRounds "13"]
[EventCountry "HUN"]
[EventCategory "9"]
[SourceTitle "CBM 089"]
[Source "ChessBase"]
[SourceDate "2002.08.12"]
[SourceVersion "1"]
[SourceVersionDate "2002.08.12"]
[SourceQuality "1"]

1. e4 c5 2. Nf3 d6 3. d4 cxd4 4. Nxd4 Nf6 5. f3 g6 6. c4 Bg7 7. Nc3 O-O 8. Be3
Nc6 9. Qd2 Nxd4 10. Bxd4 Be6 11. Rc1 Qa5 12. Be2 (12. b3 a6 13. Bd3 Rfc8 14.
Na4 Qxd2+ 15. Kxd2 Nd7 (15... Nxe4+ $2 16. Bxe4 Bxd4 17. Bxb7 $16) 16. Be3 Rcb8
17. Nc3 {1/2-1/2 El Taher,F-Bouaziz,S/Istanbul TUR 2000/The Week in Chess 314 
(17)}) 12... Rfc8 13. b3 a6 14. Na4 $5 {Bevor man diesen interessanten Zug
spielt, sollte man sich allerdings mit den folgenden Verwicklungen vertraut
machen, sonst könnte man leicht Schiffbruch erleiden.} (14. Be3 Bd7 (14... Rab8
15. Nd5 Qxd2+ 16. Kxd2 Bxd5 17. cxd5 Nd7 18. Rxc8+ (18. f4 $5) 18... Rxc8 19.
Rc1 Rxc1 20. Kxc1 Kf8 21. Kc2 $14 {1/2-1/2 Kasparov,S-Tupy,M/Olomouc CZE 2001/
The Week in Chess 354 (57)}) 15. Nd5 Qxd2+ 16. Kxd2 Nxd5 17. cxd5 (17. exd5 b5
$11) 17... Bb2 $11 {1/2-1/2 Bokros,A-Cao,S/Budapest HUN 2001/The Week in Chess
371 (31)}) 14... Qxd2+ 15. Kxd2 Nxe4+ (15... Bh6+ 16. Be3 Bxe3+ 17. Kxe3 Nd7
18. f4 f5 19. Bf3 Rab8 20. exf5 gxf5 21. Nc3 Kf7 $14 {0-1 Duijker,R-Peng
Zhaoqin/Dieren NED 2001/The Week in Chess 350 (54). (54)}) 16. Ke3 $1 Bh6+ 17.
f4 (17. Kxe4 $4 {läuft in ein Mattnetz:} Bf5+ 18. Kd5 e6+ 19. Kxd6 Rc6+ 20. Ke5
(20. Kd7 e5+ 21. Ke7 Bg5#) (20. Ke7 e5 21. Bxe5 Bf8#) 20... f6+ 21. Kxf6 e5+
22. Kxe5 (22. Ke7 Bg5#) 22... Re8+ 23. Kd5 Rd8+ 24. Ke5 Re6#) 17... Bf5 18. g4
(18. Nb6 $2 e5 $19) 18... e5 19. gxf5 gxf5 20. Rcg1+ $1 $11 {/+/=} Kf8 21. Bb2
(21. Nb6 $6 Bxf4+ 22. Kd3 exd4 23. Rg2 (23. Kxd4 $2 Nf2 24. Bf3 $2 Re8 25. Nxa8
$2 Re3 $19) 23... Be3 24. Nxa8 Rxa8 25. Rf1 Nc5+ 26. Kc2 f4 $15 {/-/+}) (21.
Bb6 $5) 21... Bxf4+ 22. Kf3 Rc6 23. Rd1 $6 b5 $1 {Schwarz versucht, Linien für
seine Türme zu öffnen.} 24. Nc3 (24. cxb5 $2 axb5 25. Bxb5 Rc2 26. Be2 Rxa4 27.
bxa4 Rxb2 $19) 24... Nd2+ (24... bxc4 25. Bxc4 Nd2+ {wird vermutlich mit} 26.
Rxd2 Bxd2 27. Nd5 {beantwortet.}) 25. Rxd2 $5 {eine interessante Entscheidung.}
({Weiß steht auch nach} 25. Kf2 bxc4 26. bxc4 Nxc4 {schlechter und nach dem
Partiezug ist seine Stellung zunächst einfacher zu spielen und seine
Konterchancen sind größer.}) 25... Bxd2 26. Nd5 $1 e4+ $2 {öffnet die
Diagonale des Läufers b2 und gibt das Feld f4 preis. Es ist allerdings schwer,
den schwarzen Materialvorteil zur Geltung zu bringen, weil der weiße Springer
d5 stark platziert und fest verankert ist.} (26... Bh6 $142 $15) 27. Kg3 Rc5 (
27... bxc4 28. Bxc4 (28. bxc4 $2 Rb8 29. Bf6 Bh6 $132) 28... Rb8 29. Bd4 Rbc8
30. Rf1 $14) 28. Rf1 $14 {/+/-} f4+ (28... Rxd5 29. cxd5 Rc8 30. Bd1 $14 {/+/-}
) 29. Nxf4 Rg5+ 30. Kh3 Re8 ({Auch} 30... Bxf4 31. Rxf4 bxc4 32. Bxc4 {erweist
sich angesichts von} d5 $6 33. Bf6 {als etwas besser für Weiß.}) 31. Nd5 bxc4
32. bxc4 $2 (32. Nf6 $1 {mit Angriff auf beide Türme war besser, z.B.} Rg6 33.
Nxe8 c3 34. Bxc3 Bxc3 35. Nc7 Rh6+ 36. Kg2 Rg6+ 37. Kf2 Bd4+ 38. Ke1 Bc3+ 39.
Kd1 Rg2 40. Bc4 $16) 32... Re6 33. Bf6 Rg6 34. Bh4 Bg5 $2 {Danach steht der
weiße König sicher, und seine Figuren zeigen, warum sie den Türmen überlegen
sind.} (34... Rh6 $1 {war angesagt, wonach die Stellung sehr schwer zu
beurteilen ist. Eine mögliche Variante lautet:} 35. Kg3 Reg6+ 36. Bg4 e3 37.
Nf4 Rg8 38. Kh3 Rg5 39. Ne6+ Kg8 40. Nxg5 e2 41. Bxe2 Bxg5 $15) 35. Bg3 $16 e3
36. Rb1 Re4 37. Rb6 f5 38. Bxd6+ Ke8 (38... Kf7 $5 39. Rb7+ (39. Bh5 $4 Rh4+
$19) 39... Ke6 40. Bb8 Rg8 41. Bg3 f4 42. Be1 $16) 39. Rb8+ Kd7 40. Bg3 Rh6+ $2
{treibt den König in Sicherheit und näher an die schwarzen Freibauern heran.} (
{Nach} 40... f4 {ist die Lage noch unübersichtlich, auch wenn Weiß bei genauem
Hinsehen im Vorteil ist, z.B.} 41. Be1 (41. Bd3 $2 Rd4 42. Bxg6 hxg6 43. Be1 f3
44. Bg3 f2 $14) 41... f3 42. Bxf3 Rh6+ 43. Kg2 Rxc4 44. Nb6+ Rxb6 45. Rxb6 Rc2+
46. Kg3 Rxa2 47. Rb7+ $16) 41. Kg2 f4 42. Be1 Ree6 $2 {läuft direkt in die
Fesselung (vermutlich eine Folge der Zeitnot)} ({Weiß steht allerdings ohnehin
auf Gewinn, z.B.} 42... Rd4 43. Bg4+ Kc6 44. Rc8+ Kb7 45. Bc3 e2 46. Rg8 $18)
43. Bg4 Kd6 44. Rb6+ Ke5 45. Rxe6+ Rxe6 46. Bxe6 Kxe6 47. Kf3 Kf5 48. Nc7 Bf6
49. Nxa6 Bb2 50. Nc5 Bc1 51. Nd3 Bd2 52. Bxd2 exd2 53. Ke2 Ke4 54. Kxd2 1-0